| 000 | 00562nam a2200193Ia 4500 | ||
|---|---|---|---|
| 005 | 20250508164818.0 | ||
| 008 | 008 250505s9999 xx 000 0 eng d | ||
| 037 | _aTheses | ||
| 040 |
_aFEDL _beng _cFEDL |
||
| 041 |
_aeng _2eng |
||
| 084 |
_a370, LAN/TH _qFEDL |
||
| 100 |
_aLangrode Zohreh Khoshneshin _9779199 |
||
| 245 | 0 | _aStrategic approach to online learning in Iran virtual universities | |
| 260 | _c2009 | ||
| 300 | _aiii,160p. | ||
| 546 | _aPH.D Thesis (Delhi University) | ||
| 942 |
_cTH _h370, LAN/TH |
||
| 999 |
_c1391340 _d1391340 |
||